The end of revolutions: a new assessment of today's rebellions

Guardat en:
Dades bibliogràfiques
Autor principal: Wagner, Stanley P (Autor)
Format: Llibre
Idioma:anglès
Publicat: Bombay Vakils, Feffer and Simons Private 1970
Col·lecció:Perspective Series
Matèries:
Etiquetes: Afegir etiqueta
Sense etiquetes, Sigues el primer a etiquetar aquest registre!

MARC

LEADER 00000nam a2200000 a 4500
001 UCR9764
003 CL-VaPUC
008 980613e19700000II |||||||||||||||||eng|d
082 0 4 |a 303.43  |b WAG  |2 21 
100 0 |a Wagner, Stanley P  |e author  |9 412635 
245 1 4 |a The end of revolutions: a new assessment of today's rebellions 
300 |a 188 p 
942 |c BK 
945 |d 19980613 00:00:00  |a crobeson 
260 |a Bombay  |b Vakils, Feffer and Simons Private  |c 1970 
650 0 |a Conflicto social  |9 255404 
650 0 |a Cambio social   |9 256857 
650 0 |a Procesos sociales  |9 337802 
650 0 |a Dinámica social  |9 334923 
650 0 |a Interacción social   |9 307764 
650 7 |a SOCIEDAD CAMBIANTE  |2 CL-VaPUC  |9 334579 
650 0 |a Sociología del cambio   |9 337801 
583 |a last modification  |c 19980613 00:00:00  |k Rodrigo Vera 
490 0 |a Perspective Series 
999 |c 270940  |d 270938